[Event "chess.com Speed 2021"]
[Site "chess.com INT"]
[Date "2021.12.06"]
[Round "2.22"]
[White "Ding, Liren"]
[Black "Aronian, Levon"]
[Result "1-0"]
[WhiteTitle "GM"]
[BlackTitle "GM"]
[WhiteElo "2799"]
[BlackElo "2782"]
[WhiteFideId "8603677"]
[BlackFideId "13300474"]
[EventDate "2021.11.08"]
[EventType "k.o."]

1. d4 d5 2. c4 dxc4 3. Nf3 Nf6 4. e3 e6 5. Bxc4 a6 6. O-O c5 7. Be2 Nbd7 8. b3
b6 9. Ne5 Bb7 10. Bf3 Qb8 11. Bb2 cxd4 12. Nxd7 Nxd7 13. Bxb7 Qxb7 14. Qxd4 Nf6
15. Rd1 Be7 16. Nc3 b5 17. Ne2 O-O 18. h3 Rfd8 19. Qe5 Ne8 20. Qf4 h6 21. Rac1
Rxd1+ 22. Rxd1 Rc8 23. Rd2 Bf6 24. Be5 Qb6 25. Qd4 Qa5 26. Bxf6 Nxf6 27. Ng3 h5
28. a4 h4 29. Nf1 Rc1 30. Rd1 Rxd1 31. Qxd1 bxa4 32. bxa4 g5 33. Qd4 Kg7 34. Nd2
Qd5 35. Qc3 Kg6 36. Nf3 Ne4 37. Qc2 Kg7 38. Nd4 Nd6 39. Qc3 1-0

[Event "chess.com Speed 2021"]
[Site "chess.com INT"]
[Date "2021.12.06"]
[Round "2.23"]
[White "Aronian, Levon"]
[Black "Ding, Liren"]
[Result "0-1"]
[WhiteTitle "GM"]
[BlackTitle "GM"]
[WhiteElo "2782"]
[BlackElo "2799"]
[WhiteFideId "13300474"]
[BlackFideId "8603677"]
[EventDate "2021.11.08"]
[EventType "k.o."]

1. e4 e5 2. Nf3 Nc6 3. Bb5 a6 4. Ba4 Nf6 5. O-O Be7 6. Re1 b5 7. Bb3 O-O 8. h3
Bb7 9. d3 d5 10. exd5 Nxd5 11. a4 Nd4 12. Nbd2 Nxb3 13. Nxb3 f6 14. Na5 Qc8 15.
Bd2 c5 16. Nh4 Rd8 17. Qg4 Qxg4 18. hxg4 Rab8 19. Nxb7 Rxb7 20. axb5 axb5 21.
Nf5 h6 22. Ra6 Bf8 23. Re4 Kf7 24. g3 Nc7 25. Rc6 Ne6 26. f4 g6 27. fxe5 gxf5
28. gxf5 Nd4 29. Rxf6+ Ke8 30. Bxh6 Be7 31. Ra6 Nxf5 32. Bf4 c4 33. g4 cxd3 34.
cxd3 Nd4 35. g5 Nf3+ 36. Kf2 Nxg5 37. Bxg5 Bxg5 38. d4 Rf7+ 39. Ke2 Rf4 40. Kd3
Rf3+ 41. Ke2 Rb3 42. Rg6 Rxb2+ 43. Kf3 Be7 44. Rf4 Rb3+ 45. Kg4 Rb1 46. Kf5 Rc1
47. Ke4 Re1+ 48. Kf5 Rc1 49. Ke4 Rd1 50. Kf5 R1xd4 0-1

[Event "chess.com Speed 2021"]
[Site "chess.com INT"]
[Date "2021.12.06"]
[Round "2.24"]
[White "Ding, Liren"]
[Black "Aronian, Levon"]
[Result "0-1"]
[WhiteTitle "GM"]
[BlackTitle "GM"]
[WhiteElo "2799"]
[BlackElo "2782"]
[WhiteFideId "8603677"]
[BlackFideId "13300474"]
[EventDate "2021.11.08"]
[EventType "k.o."]

1. d4 Nf6 2. c4 c5 3. d5 g6 4. Nc3 Bg7 5. e4 d6 6. Bd3 O-O 7. h3 Nbd7 8. Nf3 e5
9. g4 a6 10. a4 b6 11. Be3 Rb8 12. Qd2 Ne8 13. Kd1 Ndf6 14. Kc2 Bd7 15. b3 Nc7
16. Rhb1 Rb7 17. b4 Qb8 18. b5 a5 19. Rh1 Kh8 20. Rag1 Qc8 21. Ne2 Nce8 22. Ng3
Ng8 23. Kb3 f6 24. Nh2 Ne7 25. h4 f5 26. gxf5 gxf5 27. Bg5 Bf6 28. Nh5 f4 29.
Be2 Ng8 30. Ng4 Bxg5 31. hxg5 f3 32. Ngf6 fxe2 33. g6 Rxf6 34. Nxf6 Ngxf6 35.
Qh6 Bh3 36. Rxh3 Rg7 37. Re3 Ng4 38. Rxg4 Qxg4 0-1

[Event "chess.com Speed 2021"]
[Site "chess.com INT"]
[Date "2021.12.06"]
[Round "2.25"]
[White "Aronian, Levon"]
[Black "Ding, Liren"]
[Result "0-1"]
[WhiteTitle "GM"]
[BlackTitle "GM"]
[WhiteElo "2782"]
[BlackElo "2799"]
[WhiteFideId "13300474"]
[BlackFideId "8603677"]
[EventDate "2021.11.08"]
[EventType "k.o."]

1. d4 Nf6 2. Nf3 d5 3. Bf4 c5 4. e3 Nc6 5. Nbd2 Qb6 6. dxc5 Qxb2 7. Rb1 Qc3 8.
Bb5 e6 9. O-O Be7 10. e4 O-O 11. e5 Nd7 12. Nb3 Qb4 13. Nbd4 Qxc5 14. c3 Qxc3
15. Rb3 Qc5 16. Be3 Nxd4 17. Bxd4 Qc7 18. Bd3 Nc5 19. Rc3 b6 20. Bxh7+ Kxh7 21.
Nd2 Rh8 22. Rh3+ Kg8 23. Rxh8+ Kxh8 24. Qh5+ Kg8 25. Rc1 g6 26. Qg4 Qd7 27. h4
Ba6 28. Rc3 Ne4 29. Nxe4 dxe4 30. Be3 Rc8 31. Rxc8+ Qxc8 32. h5 Kg7 33. h6+ Kh7
34. Qf4 Qe8 35. Qxe4 Qd7 36. Qf4 Bd8 37. Kh2 Bb7 38. f3 g5 39. Qg4 Kxh6 40. Qh4+
Kg6 41. Qh8 Bxf3 0-1

[Event "chess.com Speed 2021"]
[Site "chess.com INT"]
[Date "2021.12.06"]
[Round "2.26"]
[White "Ding, Liren"]
[Black "Aronian, Levon"]
[Result "1-0"]
[WhiteTitle "GM"]
[BlackTitle "GM"]
[WhiteElo "2799"]
[BlackElo "2782"]
[WhiteFideId "8603677"]
[BlackFideId "13300474"]
[EventDate "2021.11.08"]
[EventType "k.o."]

1. d4 Nf6 2. Nf3 g6 3. c4 Bg7 4. Nc3 c5 5. d5 d6 6. e4 O-O 7. Be2 e5 8. Bg5 Nbd7
9. Nd2 a6 10. a4 b6 11. g4 Ra7 12. h4 h6 13. Be3 Nxg4 14. Bxg4 f5 15. exf5 gxf5
16. Bh3 f4 17. Nde4 fxe3 18. Be6+ Kh8 19. fxe3 Nf6 20. Bxc8 Qxc8 21. Nxd6 Qd7
22. Nde4 Nxe4 23. Nxe4 b5 24. axb5 axb5 25. Rxa7 Qxa7 26. Rf1 Rb8 27. d6 bxc4
28. d7 Rd8 29. Rf7 Qa5+ 30. Kf1 Qa6 31. Qg4 c3+ 32. Kg2 Rg8 33. d8=Q 1-0

[Event "chess.com Speed 2021"]
[Site "chess.com INT"]
[Date "2021.12.06"]
[Round "2.27"]
[White "Aronian, Levon"]
[Black "Ding, Liren"]
[Result "1-0"]
[WhiteTitle "GM"]
[BlackTitle "GM"]
[WhiteElo "2782"]
[BlackElo "2799"]
[WhiteFideId "13300474"]
[BlackFideId "8603677"]
[EventDate "2021.11.08"]
[EventType "k.o."]

1. d4 Nf6 2. Bf4 d5 3. e3 c5 4. Nf3 Nc6 5. Nbd2 Qb6 6. dxc5 Qxb2 7. Rb1 Qc3 8.
Bb5 e6 9. O-O Be7 10. e4 O-O 11. e5 Nd7 12. Nb3 Qb4 13. Nfd4 Nxd4 14. Nxd4 Qxc5
15. c3 Nb6 16. Bd3 Bd7 17. Qh5 g6 18. Qh6 f5 19. exf6 Bxf6 20. Bxg6 hxg6 21.
Qxg6+ Bg7 22. Be5 Qe7 23. f4 Nc4 24. Rbe1 Nxe5 25. Rxe5 Rf6 26. Qg3 Raf8 27. h4
Qf7 28. Rg5 Kh7 29. Nf3 Rxf4 30. Kh2 Kh8 31. Re1 Be8 32. Ne5 Qf6 33. Ng4 Qxc3
34. Re3 Qc7 35. Rxe6 Qf7 36. Rd6 Rf5 37. Nh6 1-0

[Event "chess.com Speed 2021"]
[Site "chess.com INT"]
[Date "2021.12.06"]
[Round "2.28"]
[White "Ding, Liren"]
[Black "Aronian, Levon"]
[Result "1-0"]
[WhiteTitle "GM"]
[BlackTitle "GM"]
[WhiteElo "2799"]
[BlackElo "2782"]
[WhiteFideId "8603677"]
[BlackFideId "13300474"]
[EventDate "2021.11.08"]
[EventType "k.o."]

1. d4 Nf6 2. Nf3 g6 3. g3 Bg7 4. Bg2 O-O 5. O-O Nc6 6. d5 Na5 7. Re1 Ne4 8. Nbd2
Nxd2 9. Qxd2 c6 10. e4 Nc4 11. Qb4 b5 12. Rb1 a5 13. Qb3 Bb7 14. Qd3 Nb6 15. d6
exd6 16. Qxd6 Re8 17. b3 Re6 18. Qd3 d5 19. Bg5 Qf8 20. Nd4 Re5 21. Bf4 dxe4 22.
Bxe4 Rc5 23. Ne6 fxe6 24. Bd6 Rc3 25. Bxf8 Rxd3 26. Bxg7 Rd7 27. Be5 b4 28. Rbd1
Nd5 29. c4 bxc3 30. Bxc3 1-0

[Event "chess.com Speed 2021"]
[Site "chess.com INT"]
[Date "2021.12.06"]
[Round "2.31"]
[White "Aronian, Levon"]
[Black "Ding, Liren"]
[Result "0-1"]
[WhiteTitle "GM"]
[BlackTitle "GM"]
[WhiteElo "2782"]
[BlackElo "2799"]
[WhiteFideId "13300474"]
[BlackFideId "8603677"]
[EventDate "2021.11.08"]
[EventType "k.o."]

1. e4 e5 2. d4 exd4 3. Qxd4 Nc6 4. Qe3 Nf6 5. Bd2 Be7 6. Nc3 O-O 7. O-O-O d5 8.
Qg3 Bd6 9. Qh4 Nxe4 10. Qxd8 Rxd8 11. Nxe4 dxe4 12. Bb5 Nd4 13. Bc4 Bg4 14. Re1
Re8 15. h3 Bf5 16. Ne2 Nxc2 17. Kxc2 e3+ 18. Bd3 exd2 19. Rd1 Rxe2 20. Bxf5 Rxf2
21. Be4 Bf4 22. Rhf1 Rxf1 23. Rxf1 Rd8 24. Bxb7 g5 25. Kd1 Kg7 26. b3 h5 27. Rf3
Re8 28. Rf1 h4 29. Bd5 f5 30. Bc4 Kf6 31. Be2 Re4 32. Rf3 Re3 33. Rxe3 Bxe3 34.
Bd3 Ke5 35. Ke2 Kf4 36. Bc4 Kg3 37. Bd5 g4 38. hxg4 fxg4 39. Bc6 h3 40. gxh3
gxh3 41. a4 Kh2 42. Bf3 Bf4 43. Kf2 Bg3+ 44. Kf1 c5 45. a5 Be5 46. a6 Kg3 47.
Ke2 d1=Q+ 0-1

[Event "chess.com Speed 2021"]
[Site "chess.com INT"]
[Date "2021.12.06"]
[Round "2.32"]
[White "Ding, Liren"]
[Black "Aronian, Levon"]
[Result "0-1"]
[WhiteTitle "GM"]
[BlackTitle "GM"]
[WhiteElo "2799"]
[BlackElo "2782"]
[WhiteFideId "8603677"]
[BlackFideId "13300474"]
[EventDate "2021.11.08"]
[EventType "k.o."]

1. d4 Nf6 2. Nf3 g6 3. g3 Bg7 4. Bg2 O-O 5. O-O Nc6 6. d5 Na5 7. Nc3 d6 8. e4 c6
9. Rb1 Bd7 10. b3 Rc8 11. Bb2 cxd5 12. exd5 b5 13. Re1 Re8 14. Nd4 Qb6 15. Qd2
b4 16. Nce2 Nb7 17. Nf4 Nd8 18. h4 a5 19. Re2 Bg4 20. Re3 Bh6 21. Rbe1 Rc7 22.
Nc6 Nxc6 23. dxc6 Be6 24. Bxf6 exf6 25. Qxd6 Bxf4 26. Qxf4 Kg7 27. h5 gxh5 28.
Bd5 Rxc6 29. Bxc6 Qxc6 30. Qe4 Qc5 31. Qf4 Rd8 32. Rd3 Rxd3 33. cxd3 Qc3 34. Qe3
Bd5 35. d4 Qc2 36. Qe2 Qf5 37. Rc1 h4 38. g4 Qf4 39. Rc5 Bf3 40. Qf1 Qxd4 41.
Rc4 Qd2 42. Qc1 Qxa2 43. Kh2 Qxf2+ 44. Kh3 Qg3# 0-1

[Event "chess.com Speed 2021"]
[Site "chess.com INT"]
[Date "2021.12.06"]
[Round "2.33"]
[White "Aronian, Levon"]
[Black "Ding, Liren"]
[Result "1/2-1/2"]
[WhiteTitle "GM"]
[BlackTitle "GM"]
[WhiteElo "2782"]
[BlackElo "2799"]
[WhiteFideId "13300474"]
[BlackFideId "8603677"]
[EventDate "2021.11.08"]
[EventType "k.o."]

1. d4 Nf6 2. c3 d5 3. Bg5 c5 4. e3 Nc6 5. Nd2 cxd4 6. exd4 h6 7. Bh4 Bf5 8. Qb3
Qb6 9. Ngf3 e6 10. Bg3 Nd7 11. Be2 Be7 12. O-O O-O 13. Rfe1 Rfc8 14. a4 Qxb3 15.
Nxb3 a5 16. Bb5 Nb6 17. Nfd2 Bg6 18. h4 Bf8 19. Bf4 Nd7 20. g3 Nf6 21. Nc5 b6
22. Nd3 Bh7 23. Ne5 Nxe5 24. Bxe5 Ne8 25. Bf4 Nd6 26. Bf1 Nf5 27. h5 Bd6 28.
Bxd6 Nxd6 29. g4 Rab8 30. f3 Kf8 31. Kf2 Rc7 32. Nb1 Bxb1 33. Raxb1 Ke7 34. Ra1
Kf8 35. Bd3 Ke7 36. Rg1 Rh8 37. g5 hxg5 38. Rxg5 Ne8 39. Rh1 Rh6 40. Bb5 Rc8 41.
Bxe8 Rxe8 42. Rxg7 Reh8 43. Rg5 Kf8 44. Re5 Ke7 45. Rg5 Kf8 46. Re5 Ke7 47. Rg5 1/2-1/2

[Event "chess.com Speed 2021"]
[Site "chess.com INT"]
[Date "2021.12.06"]
[Round "2.34"]
[White "Ding, Liren"]
[Black "Aronian, Levon"]
[Result "1-0"]
[WhiteTitle "GM"]
[BlackTitle "GM"]
[WhiteElo "2799"]
[BlackElo "2782"]
[WhiteFideId "8603677"]
[BlackFideId "13300474"]
[EventDate "2021.11.08"]
[EventType "k.o."]

1. d4 Nf6 2. Nf3 g6 3. c4 Bg7 4. Nc3 c5 5. e4 O-O 6. Be2 d6 7. O-O Re8 8. Re1 a6
9. a4 b6 10. d5 e5 11. Bg5 h6 12. Bd2 Nh7 13. g3 Ra7 14. Qc1 h5 15. Nh4 Nd7 16.
Ng2 Ndf8 17. Rb1 a5 18. Nb5 Rd7 19. h4 Ba6 20. Qd1 Bxb5 21. cxb5 Ra7 22. Ne3 Nd7
23. Nc4 Ndf6 24. Bf3 Rb7 25. Kg2 Rb8 26. Rh1 Qe7 27. Qe2 Qf8 28. Rbg1 Red8 29.
Bc3 Kh8 30. Kf1 Ng8 31. Ke1 f5 32. exf5 gxf5 33. Bxh5 e4 34. g4 Bxc3+ 35. bxc3
Qg7 36. Rh3 Ngf6 37. Kf1 Rg8 38. Rhh1 Rbd8 39. gxf5 Qh6 40. Bg6 Nxd5 41. Rg3
Nhf6 42. Qd2 Nf4 43. Nxd6 Rxd6 44. Qxd6 N6h5 45. Qe5+ Rg7 46. Qe8+ Rg8 47. Qe5+
Rg7 48. Bxh5 Nxh5 49. Rxg7 Nxg7 50. Rg1 Qc1+ 51. Kg2 Qh6 52. Kf1 Qc1+ 53. Kg2
Qh6 54. Kh3 1-0

[Event "chess.com Speed 2021"]
[Site "chess.com INT"]
[Date "2021.12.06"]
[Round "2.35"]
[White "Aronian, Levon"]
[Black "Ding, Liren"]
[Result "1-0"]
[WhiteTitle "GM"]
[BlackTitle "GM"]
[WhiteElo "2782"]
[BlackElo "2799"]
[WhiteFideId "13300474"]
[BlackFideId "8603677"]
[EventDate "2021.11.08"]
[EventType "k.o."]

1. d4 Nf6 2. Nf3 d5 3. c3 c5 4. dxc5 e6 5. b4 a5 6. e3 axb4 7. cxb4 b6 8. a4
bxc5 9. b5 c4 10. Be2 Bd7 11. Nc3 Bb4 12. Bd2 Qa5 13. Qc1 Ne4 14. Nxe4 dxe4 15.
Qxc4 Bxd2+ 16. Nxd2 O-O 17. Qxe4 Rd8 18. O-O Qxd2 19. Qxa8 Qxe2 20. Rfd1 h5 21.
Rxd7 Rxd7 22. Qxb8+ Kh7 23. h3 Rd2 24. Qf4 e5 25. Qf3 Qxf3 26. gxf3 Rb2 27. a5
Rxb5 28. a6 Rb8 29. a7 Ra8 30. Kf1 Kg6 31. Ke2 Kf6 32. Kd3 Ke6 33. Kc4 Kd6 34.
Ra6+ Kc7 35. Kd5 Kb7 36. Ra4 f6 37. Ke6 Rxa7 38. Rxa7+ Kxa7 39. Kf7 Kb6 40. Kxg7
f5 41. Kf6 f4 42. Kxe5 fxe3 43. fxe3 Kc6 44. f4 Kd7 45. f5 Ke7 46. f6+ Kf7 47.
Kf5 h4 48. e4 Kf8 49. e5 Ke8 50. e6 Kf8 51. Kg6 Ke8 52. Kg7 Kd8 53. e7+ Kd7 54.
Kf7 1-0

[Event "chess.com Speed 2021"]
[Site "chess.com INT"]
[Date "2021.12.06"]
[Round "2.36"]
[White "Ding, Liren"]
[Black "Aronian, Levon"]
[Result "1-0"]
[WhiteTitle "GM"]
[BlackTitle "GM"]
[WhiteElo "2799"]
[BlackElo "2782"]
[WhiteFideId "8603677"]
[BlackFideId "13300474"]
[EventDate "2021.11.08"]
[EventType "k.o."]

1. d4 Nf6 2. Nf3 g6 3. c4 Bg7 4. Nc3 O-O 5. e4 d6 6. Be2 c5 7. O-O Re8 8. Re1 a6
9. a4 Nc6 10. d5 Na5 11. Bg5 h6 12. Be3 e6 13. Rc1 Ng4 14. Bd2 Bd7 15. b3 Qb6
16. Rb1 Rad8 17. h3 Nf6 18. Qc2 Qc7 19. Bd3 exd5 20. exd5 b6 21. Bf4 Bc8 22. Bh2
Rxe1+ 23. Rxe1 Re8 24. Rxe8+ Nxe8 25. Ne4 Qe7 26. Qd1 Bf5 27. Nfd2 Be5 28. Bxe5
Qxe5 29. Nf3 Qb2 30. Qe1 Kf8 31. Qe3 Bxe4 32. Qxh6+ Qg7 33. Qxg7+ Kxg7 34. Bxe4
Nxb3 35. Bc2 Na5 36. Nd2 g5 37. Kf1 Nf6 38. g3 Nd7 39. f4 gxf4 40. gxf4 Nf6 41.
Kf2 Nb7 42. Kf3 Na5 43. Bd3 Kh6 44. Be2 Kg7 45. Bd3 Kh6 46. Be2 Kh5 47. Kg3+ Kg6
48. Kf3 Kh6 49. Kg3 b5 50. cxb5 axb5 51. Bxb5 Nxd5 52. Nc4 Nxc4 53. Bxc4 Nb4 54.
a5 d5 55. a6 Nxa6 56. Bxa6 c4 57. Kg4 Kg6 58. f5+ Kf6 59. Kf4 Kg7 60. Ke5 c3 61.
Bd3 Kh6 62. Kxd5 Kg5 63. Kd4 Kh4 64. Kxc3 Kxh3 65. Kd4 1-0

[Event "chess.com Speed 2021"]
[Site "chess.com INT"]
[Date "2021.12.06"]
[Round "2.37"]
[White "Aronian, Levon"]
[Black "Ding, Liren"]
[Result "1-0"]
[WhiteTitle "GM"]
[BlackTitle "GM"]
[WhiteElo "2782"]
[BlackElo "2799"]
[WhiteFideId "13300474"]
[BlackFideId "8603677"]
[EventDate "2021.11.08"]
[EventType "k.o."]

1. d4 d5 2. Nf3 Nf6 3. Bg5 Ne4 4. Bh4 c5 5. e3 Nc6 6. Nbd2 Bf5 7. c3 Qb6 8. Qb3
e6 9. Bb5 Bd6 10. Bg3 Nxg3 11. hxg3 h6 12. Ne5 Bxe5 13. dxe5 O-O 14. Bxc6 Qxc6
15. Rh4 Qc7 16. f4 Rfc8 17. g4 Bg6 18. Nf3 b5 19. g5 h5 20. Kf2 Kf8 21. Rah1 Ke7
22. Nh2 Rab8 23. Nf1 b4 24. c4 dxc4 25. Qxc4 Qc6 26. Ng3 Rd8 27. Re1 Rd2+ 28.
Ne2 Rbd8 29. Qc1 Rb8 30. Qxd2 Rd8 31. Qc1 1-0

[Event "chess.com Speed 2021"]
[Site "chess.com INT"]
[Date "2021.12.06"]
[Round "2.38"]
[White "Ding, Liren"]
[Black "Aronian, Levon"]
[Result "0-1"]
[WhiteTitle "GM"]
[BlackTitle "GM"]
[WhiteElo "2799"]
[BlackElo "2782"]
[WhiteFideId "8603677"]
[BlackFideId "13300474"]
[EventDate "2021.11.08"]
[EventType "k.o."]

1. e4 c5 2. Nf3 d6 3. d4 cxd4 4. Nxd4 Nf6 5. Nc3 a6 6. g3 e5 7. Nde2 Nbd7 8. a4
Nc5 9. Bg2 h5 10. h3 Be6 11. Be3 Rc8 12. Qd2 Qa5 13. O-O Be7 14. b3 Qb4 15. f4
a5 16. f5 Bd7 17. Rad1 Bc6 18. Bxc5 dxc5 19. Qe3 c4 20. Kh2 Ng4+ 21. hxg4 hxg4+
22. Bh3 Rxh3+ 23. Kg2 cxb3 24. cxb3 Qxb3 25. Rb1 Qa3 26. Rh1 Bc5 27. Qd3 Rd8 28.
Qc4 Rd4 29. Nxd4 exd4 30. Rb3 Bxe4+ 31. Nxe4 Qa2+ 32. Nf2 d3 33. Qxc5 Qxb3 0-1

[Event "chess.com Speed 2021"]
[Site "chess.com INT"]
[Date "2021.12.06"]
[Round "2.39"]
[White "Aronian, Levon"]
[Black "Ding, Liren"]
[Result "1/2-1/2"]
[WhiteTitle "GM"]
[BlackTitle "GM"]
[WhiteElo "2782"]
[BlackElo "2799"]
[WhiteFideId "13300474"]
[BlackFideId "8603677"]
[EventDate "2021.11.08"]
[EventType "k.o."]

1. d4 d5 2. Nf3 Nf6 3. Bf4 Bf5 4. e3 e6 5. Bd3 Bxd3 6. cxd3 Bd6 7. Bg3 O-O 8.
Qb3 Nbd7 9. Nc3 Rb8 10. e4 Be7 11. O-O Nb6 12. a4 a5 13. Nb5 Rc8 14. Nxc7 dxe4
15. dxe4 Rxc7 16. Qxb6 Rd7 17. Qxd8 Rfxd8 18. Rfe1 Bb4 19. Re2 Rc8 20. h3 h6 21.
Rd1 Rdd8 22. Ne5 Bd6 23. f3 Nd7 24. Red2 Nxe5 25. dxe5 Bc5+ 26. Kf1 Rxd2 27.
Rxd2 Bb4 28. Re2 Rc1+ 29. Be1 Kf8 30. Kf2 Bxe1+ 31. Rxe1 Rc4 32. b3 Rb4 33. Re3
b5 34. axb5 Rxb5 35. f4 Rb4 36. Kf3 g6 37. h4 h5 38. g4 hxg4+ 39. Kxg4 Kg7 40.
h5 gxh5+ 41. Kxh5 a4 42. bxa4 Rxa4 43. Kg5 Rb4 44. f5 Ra4 45. f6+ Kg8 46. Kf4
Ra1 47. Rg3+ Kf8 48. Rb3 Kg8 49. Rb8+ Kh7 50. Rb7 Kg6 51. Rb8 Rf1+ 52. Ke3 Re1+
53. Kf3 Rf1+ 54. Ke2 Ra1 55. Rg8+ Kh5 56. Rg7 Ra5 57. Ke3 Rxe5 58. Kf4 Ra5 59.
Rxf7 Kg6 60. Rf8 e5+ 61. Kg4 Ra4 62. Kf3 Ra3+ 63. Kg4 Ra4 64. Kf3 Ra3+ 65. Kg4
Ra4 1/2-1/2

[Event "chess.com Speed 2021"]
[Site "chess.com INT"]
[Date "2021.12.09"]
[Round "2.11"]
[White "So, Wesley"]
[Black "Caruana, Fabiano"]
[Result "1/2-1/2"]
[WhiteTitle "GM"]
[BlackTitle "GM"]
[WhiteElo "2772"]
[BlackElo "2791"]
[WhiteFideId "5202213"]
[BlackFideId "2020009"]
[EventDate "2021.11.08"]
[EventType "k.o."]

1. e4 c5 2. Nf3 d6 3. Bb5+ Bd7 4. Bxd7+ Qxd7 5. c4 e5 6. Nc3 Nc6 7. d3 Be7 8. a3
Bd8 9. O-O Nge7 10. Rb1 O-O 11. b4 Ng6 12. Nd5 f5 13. exf5 Rxf5 14. Be3 b6 15.
Nd2 Nce7 16. Nc3 Kh8 17. Nde4 cxb4 18. axb4 d5 19. cxd5 Nxd5 20. Nxd5 Qxd5 21.
Qc2 Be7 22. Qc4 Nf4 23. Rfd1 Rd8 24. Rd2 Rff8 25. b5 Nxd3 26. Qxd5 Rxd5 27. Ra1
Bb4 28. Rdd1 Rd7 29. Ra4 Ba5 30. Kf1 h6 31. Rc4 Rfd8 32. h4 Nf4 33. Rxd7 Rxd7
34. Bxf4 exf4 35. Ke2 Rd5 36. Rc7 Rxb5 37. Rxa7 Rd5 38. Kf3 Bd2 39. Ra2 Bb4 40.
Kxf4 Bd6+ 41. Kf3 Bc5 42. Ra8+ Kh7 43. Ra7 Kg6 44. Rc7 1/2-1/2

[Event "chess.com Speed 2021"]
[Site "chess.com INT"]
[Date "2021.12.09"]
[Round "2.12"]
[White "Caruana, Fabiano"]
[Black "So, Wesley"]
[Result "1/2-1/2"]
[WhiteTitle "GM"]
[BlackTitle "GM"]
[WhiteElo "2791"]
[BlackElo "2772"]
[WhiteFideId "2020009"]
[BlackFideId "5202213"]
[EventDate "2021.11.08"]
[EventType "k.o."]

1. e4 e5 2. Nf3 Nc6 3. Bb5 Nf6 4. d3 Bc5 5. Bxc6 dxc6 6. O-O Nd7 7. Be3 Bxe3 8.
fxe3 Qe7 9. Nc3 Nf8 10. Qe1 Ng6 11. h3 Bd7 12. Qg3 O-O-O 13. a3 h5 14. b4 Rh6
15. Qf2 h4 16. Rab1 Rh5 17. a4 f5 18. exf5 Rxf5 19. Qe2 Rdf8 20. Ne4 b6 21. c4
Nh8 22. a5 Be8 23. axb6 axb6 24. c5 b5 25. Ra1 Bh5 26. Ra7 Bxf3 27. gxf3 Qe6 28.
Qg2 Qg6 29. Qg4 Qh6 30. f4 exf4 31. Rxf4 Kb8 32. Rxf5 Qxe3+ 33. Kg2 Rxf5 34.
Qxf5 Kxa7 35. Qd7 Qe2+ 36. Kg1 Qe1+ 37. Kg2 Qe2+ 38. Kg1 Qe1+ 39. Kg2 Qe2+ 1/2-1/2

[Event "chess.com Speed 2021"]
[Site "chess.com INT"]
[Date "2021.12.09"]
[Round "2.13"]
[White "So, Wesley"]
[Black "Caruana, Fabiano"]
[Result "1-0"]
[WhiteTitle "GM"]
[BlackTitle "GM"]
[WhiteElo "2772"]
[BlackElo "2791"]
[WhiteFideId "5202213"]
[BlackFideId "2020009"]
[EventDate "2021.11.08"]
[EventType "k.o."]

1. e4 c5 2. Nf3 d6 3. Bb5+ Bd7 4. Bxd7+ Qxd7 5. c4 e5 6. Nc3 Nc6 7. a3 Be7 8.
Rb1 Bd8 9. b4 Nge7 10. d3 O-O 11. O-O Ng6 12. Be3 b6 13. Nd2 h6 14. g3 Kh7 15.
Kg2 Nce7 16. Qf3 Rc8 17. a4 Nc6 18. b5 Nb4 19. Qe2 f5 20. exf5 Qxf5 21. Nde4 Be7
22. Bc1 Rcd8 23. Ba3 d5 24. cxd5 Nxd5 25. Nxd5 Rxd5 26. f3 Rd4 27. Qc2 Rfd8 28.
Rbd1 Qd7 29. Nf2 Qf5 30. Bb2 R4d5 31. Qc4 Nf8 32. Qe4 g6 33. Rfe1 Bf6 34. Ng4
Bg7 35. Bxe5 Qxe4 36. Rxe4 Bxe5 37. Nxe5 Re8 38. Nxg6 1-0

[Event "chess.com Speed 2021"]
[Site "chess.com INT"]
[Date "2021.12.09"]
[Round "2.14"]
[White "Caruana, Fabiano"]
[Black "So, Wesley"]
[Result "1/2-1/2"]
[WhiteTitle "GM"]
[BlackTitle "GM"]
[WhiteElo "2791"]
[BlackElo "2772"]
[WhiteFideId "2020009"]
[BlackFideId "5202213"]
[EventDate "2021.11.08"]
[EventType "k.o."]

1. e4 e5 2. Nf3 Nc6 3. Bb5 Nf6 4. d3 Bc5 5. Bxc6 dxc6 6. O-O Nd7 7. Be3 Qe7 8.
Nc3 O-O 9. Qe1 a5 10. a4 Bb4 11. Nd2 f5 12. exf5 Rxf5 13. f3 b6 14. Nde4 Nf8 15.
Bd2 Ng6 16. Ne2 Bd7 17. Bxb4 axb4 18. b3 c5 19. Qf2 Bc6 20. Qe3 Rff8 21. h3 Nf4
22. Nxf4 exf4 23. Qf2 Bxe4 24. dxe4 Rad8 25. Rad1 h6 26. Qe2 Qe5 27. Kh2 Kh7 28.
Rxd8 Rxd8 29. Rd1 Rd4 30. Rd3 h5 31. Qd2 Qd6 32. Rxd4 cxd4 33. Qe1 Qc5 34. e5
Qxc2 35. e6 Qg6 36. e7 Qe8 37. Qxb4 d3 38. Qxf4 Qxe7 39. Qf5+ g6 40. Qxd3 Qe5+
41. Kg1 Qe1+ 42. Kh2 Qe5+ 43. g3 h4 44. f4 Qb2+ 45. Kg1 hxg3 46. Qxg3 Qb1+ 47.
Kf2 Qc2+ 48. Ke1 Qc1+ 49. Ke2 Qc2+ 50. Ke1 Qc1+ 51. Ke2 Qc2+ 52. Ke1 1/2-1/2

[Event "chess.com Speed 2021"]
[Site "chess.com INT"]
[Date "2021.12.09"]
[Round "2.15"]
[White "So, Wesley"]
[Black "Caruana, Fabiano"]
[Result "1/2-1/2"]
[WhiteTitle "GM"]
[BlackTitle "GM"]
[WhiteElo "2772"]
[BlackElo "2791"]
[WhiteFideId "5202213"]
[BlackFideId "2020009"]
[EventDate "2021.11.08"]
[EventType "k.o."]

1. e4 c5 2. Nf3 d6 3. Bb5+ Bd7 4. Bxd7+ Qxd7 5. c4 e5 6. Nc3 Nc6 7. a3 Be7 8.
Rb1 Bd8 9. b4 Nge7 10. d3 O-O 11. Be3 b6 12. O-O Ng6 13. Nd2 h6 14. g3 Qh3 15.
Qf3 Bg5 16. Qg2 Qxg2+ 17. Kxg2 Bxe3 18. fxe3 Nge7 19. g4 cxb4 20. axb4 a5 21.
bxa5 bxa5 22. Nb5 Nb4 23. Rb3 Rfd8 24. Kf2 g6 25. Ke2 Kg7 26. Ra3 Ng8 27. Ra4
Nf6 28. h3 Nd7 29. Ra3 Nc5 30. Nc7 Ra7 31. Nb5 Raa8 32. Nc7 Ra7 33. Nb5 Raa8 1/2-1/2

[Event "chess.com Speed 2021"]
[Site "chess.com INT"]
[Date "2021.12.09"]
[Round "2.16"]
[White "Caruana, Fabiano"]
[Black "So, Wesley"]
[Result "1/2-1/2"]
[WhiteTitle "GM"]
[BlackTitle "GM"]
[WhiteElo "2791"]
[BlackElo "2772"]
[WhiteFideId "2020009"]
[BlackFideId "5202213"]
[EventDate "2021.11.08"]
[EventType "k.o."]

1. e4 e5 2. Nf3 Nc6 3. Bb5 Nf6 4. d3 Bc5 5. Bxc6 dxc6 6. O-O Nd7 7. Be3 Qe7 8.
Nc3 O-O 9. Nd2 a5 10. a4 b6 11. Nc4 Bb4 12. Ne2 Ba6 13. b3 Bxc4 14. bxc4 Bc5 15.
Qd2 Rae8 16. Ng3 Bxe3 17. Qxe3 g6 18. f4 exf4 19. Qxf4 Qe5 20. Qxe5 Nxe5 21.
Rae1 Kg7 22. Ne2 Nd7 23. Nd4 Ne5 24. h3 h5 25. Re2 Re7 26. Ref2 Rd8 27. Ne2 Nd7
28. Nc3 Nc5 29. Rf6 Ne6 30. Ne2 Rd6 31. Kh2 h4 32. R1f2 Rd8 33. R6f3 Nc5 34. Nc3
Ne6 35. Ne2 Nc5 36. Nc3 Ne6 37. Ne2 1/2-1/2